| Tag |
First Indicator |
Second Indicator |
Subfields |
| LEADER |
00000cam a22000004a 4500 |
| 001 |
in00001761888 |
| 005 |
20151025051829.0 |
| 008 |
000424s1999 ru a b 000 0 rusoc |
| 020 |
|
|
|a 502017792X
|
| 035 |
|
|
|a (OCoLC)ocm43921021
|
| 040 |
|
|
|a COO
|c COO
|d NYP
|d TXA
|d UtOrBLW
|
| 042 |
|
|
|a pcc
|
| 043 |
|
|
|a e-ru---
|
| 049 |
|
|
|a TXAM
|
| 050 |
|
4 |
|a DK511.D2
|b G33 1999
|
| 100 |
1 |
|
|a Gadzhieva, Sakinat Shikhamedovna.
|
| 245 |
1 |
0 |
|a Dagestanskie azerbaĭdzhant︠s︡y, XIX-nachalo XX v. :
|b istoriko-ėtnograficheskoe issledovanie /
|c S.SH. Gadzhieva.
|
| 264 |
|
1 |
|a Moskva :
|b Izd. firma "Vostochnai︠a︡ literatura" RAN,
|c 1999.
|
| 300 |
|
|
|a 358 pages :
|b illustrations ;
|c 22 cm.
|
| 336 |
|
|
|a text
|b txt
|2 rdacontent
|
| 337 |
|
|
|a unmediated
|b n
|2 rdamedia
|
| 338 |
|
|
|a volume
|b nc
|2 rdacarrier
|
| 650 |
|
0 |
|a Azerbaijanis
|z Russia (Federation)
|z Dagestan
|x History
|y 19th century.
|
| 650 |
|
0 |
|a Azerbaijanis
|z Russia (Federation)
|z Dagestan
|x History
|y 20th century.
|
| 650 |
|
0 |
|a Azerbaijanis
|z Russia (Federation)
|z Dagestan
|x Social life and customs.
|
| 650 |
|
0 |
|a Ethnology
|z Russia (Federation)
|z Dagestan.
|
| 948 |
|
|
|a cataloged
|b h
|c 2003/5/2
|d c
|e spoltoratski
|f 11:34:03 am
|
| 994 |
|
|
|a E0
|b TXA
|
| 999 |
|
|
|a MARS
|
| 999 |
f |
f |
|s e17b3762-3d3a-3d4c-9512-066fdb32aefc
|i 36c2c185-cbab-3f7b-ba3c-85b107566408
|t 0
|
| 952 |
f |
f |
|p ric
|a Texas A&M University
|b Rellis Campus
|c Joint Library Facility
|d Remote Storage
|t 0
|e DK511.D2 G33 1999
|h Library of Congress classification
|i unmediated -- volume
|m A14830072961
|
| 998 |
f |
f |
|a DK511.D2 G33 1999
|t 0
|l Remote Storage
|